LEADER 01094nam a2200253 4500 001 000000344358 003 CaOOAMICUS 005 20210217000000.0 008 210217s2020 it a 000 u ita r 020 $a978-88-6894-436-0 040 $aSeMil$bita 100 1 $aDal Santo, Matteo,$d<1973- >.$0(OLS)http://semarc/name/92078 245 10$aRiti di famiglia :$bgesti e preghiere della vita quotidiana /$cMatteo Dal Santo. 264 1$aMilano :$bCentro Ambrosiano,$c2020. 300 $a75 p. :$bill. ;$c21 cm 650 4$aFamiglia - Concezione cristiana.$0(OLS)http://semarc/subject/1374 650 4$aFamiglia - Preghiera.$0(OLS)http://semarc/subject/21614 850 $aSeMil 852 $aSeMil$W1$xVenegono$y1$m2Q II 530$j224786$B235378$CSeMilBibl$Z2$F235378 $81 961 $aOmaggio dell'editore 996 $6020$a978-88-6894-436-0$9(OLS)http://semarc/number/292403 996 $6245$aRiti di famiglia :$bgesti e preghiere della vita quotidiana$9(OLS)http://semarc/title/433454 996 $6264$aMilano :$bCentro Ambrosiano$9(OLS)http://semarc/publisher/29766 LEADER 01305nam a2200277 4500 001 000000352748 003 CaOOAMICUS 005 20230120104154.0 008 230120s2022 it a 000 u ita r 020 $a979-1-259-62276-1 040 $aSeMil$bita 100 1 $aBini, Enrico,$d<1958- >.$0(OLS)http://semarc/name/84802 245 10$aNulla è più caro della libertà :$bCesare Guasti (1822-1889): fede e storia /$c[Enrico Bini]. 264 1$aSiena :$bCantagalli,$c2022. 300 $a318 p., [4] carte di tav. ;$bill. ;$c24 cm 490 1 $aStudi e memorie ;$v13 500 $aA piè del front.: Associazione culturale Cesare Guasti, Prato 600 14$aGuasti, Cesare <1822-1889>.$0(OLS)http://semarc/subject/14078 830 0$aStudi e memorie / Associazione culturale Cesare Guasti ;$v13.$0(OLS)http://semarc/title/428401 850 $aSeMil 852 $aSeMil$W1$xVenegono$y1$m3H V 435$j236570$B243962$CSeMilBibl$Z2$F243962 $81 961 $aIn omaggio per recensione su La scuola cattolica 996 $6020$a979-1-259-62276-1$9(OLS)http://semarc/number/297504 996 $6245$aNulla è più caro della libertà :$bCesare Guasti (1822-1889): fede e storia$9(OLS)http://semarc/title/442656 996 $6264$aSiena :$bCantagalli$9(OLS)http://semarc/publisher/29767